Mały wyborek nabożeństwa codziennego. (Rekord nr 27270)
| 000 -Nagłówek | |
|---|---|
| fixed length control field | 01251nam a2200349 i 4500 |
| 001 - Nr kontrolny bibl., która utworzyła rek. | |
| control field | xx005914984 |
| 003 - Siglum bibl., której nr kontr. jest w 001 | |
| control field | NUKAT |
| 005 - Data i czas ostatniej operacji | |
| control field | 20260325192417.0 |
| 008 - Elementy pola stałej długości | |
| fixed length control field | 260325s1864 pl a |000 0 pol c |
| 035 ## - Systemowy numer kontrolny | |
| systemowy numer kontrolny | (NUKAT)xx005914984 |
| 040 ## - Instytucja sporządzająca opis | |
| Instytucja, która sporządziła opis | OLSZT 008/LL |
| język katalgowania-trzyzn. kod | pol |
| zasady opisu | rda |
| Instytucja, która sporządziła rekord | OLSZT 008/LL |
| 046 ## - Kod rodz. daty, data1, data2 (daty pne) | |
| Begin/single date | 1864 |
| 245 00 - Tytuł właściwy i oznaczenie odpow. | |
| tytuł | Mały wyborek nabożeństwa codziennego. |
| 250 ## - Oznaczenie wydania | |
| oznaczenie wydania | Wydanie powiększone z dodatkiem Nieszpornych Psałmów, Gorzkich żali i Pieśni nabożnych. |
| 260 ## - Adres wydawniczy | |
| miejsce wydania, dystrybucji itp. | Mikołów : |
| nazwa wydawcy, dystrybutora itp. | druk i nakładem T. Nowackiego. |
| data wydania, dystrybucji itp. | 1864. |
| 300 ## - Opis fizyczny | |
| objętość i/lub forma materiału | 216 stron : |
| inne szczegóły opisu fizycznego | ilustracje ; |
| format | 12 cm. |
| 336 ## - Content Type | |
| Term | Tekst |
| Code | txt |
| Source | rdacontent |
| 337 ## - Media Type | |
| Term | Bez urządzenia pośredniczącego |
| Code | n |
| Source | rdamedia |
| 338 ## - Carrier Type | |
| Term | Wolumin |
| Code | nc |
| Source | rdacarrier |
| 380 ## - Form of work | |
| Form of work | Książki |
| 380 ## - Form of work | |
| Form of work | Publikacje religijne |
| 388 1# - TIME PERIOD OF CREATION | |
| Time period of creation term | 1801-1900 |
| 610 27 - Hasło przedmiotowe-nazwa ciała zbior. | |
| nazwa ciała zbior. lub geogr. | Apostolstwo Modlitwy |
| określnik formy | modlitewniki. |
| źródło hasła | kaba |
| 9 (RLIN) | 38983 |
| 650 #7 - Hasło przedmiotowe-nazwa pospolita | |
| nazwa pospolita lub geogr. | Modlitewniki katolickie polskie |
| określnik chronologiczny | 19 w. |
| źródło hasła | kaba |
| 9 (RLIN) | 36202 |
| 650 #7 - Hasło przedmiotowe-nazwa pospolita | |
| nazwa pospolita lub geogr. | Duchowość katolicka |
| źródło hasła | DBN |
| 9 (RLIN) | 37278 |
| 650 #7 - Hasło przedmiotowe-nazwa pospolita | |
| nazwa pospolita lub geogr. | Katolicyzm |
| źródło hasła | DBN |
| 9 (RLIN) | 35191 |
| 655 #4 - Termin określający rodzaj/formę | |
| rodzaj/forma | Modlitewniki polskie. |
| źródło terminu | kaba |
| 9 (RLIN) | 5982 |
| 655 #7 - Termin określający rodzaj/formę | |
| rodzaj/forma | Modlitewnik |
| źródło terminu | DBN |
| 9 (RLIN) | 36203 |
| 658 ## - Nazwa określająca cel programu nauczania | |
| główny cel programu nauczania | Religia i duchowość |
| 700 1# - Hasło dodatkowe - nazwa osobowa | |
| nazwa osobowa | Nowacki, Tomasz |
| daty biograficzne | (1802-1884). |
| rodzaj współpracy | Nakładca |
| -- | Druk |
| 9 (RLIN) | 36601 |
| 942 ## - ADDED ENTRY ELEMENTS (KOHA) | |
| Source of classification or shelving scheme | Dewey Decimal Classification |
| Koha item type | pozycje dostępne na miejscu |
| Status wycofania | Status zagubienia | Klasyfikacja | Status uszkodzenia | Blokada wypożyczeń | Kolekcja | Lokalizacja macierzysta | Lokalizacja bieżąca | Data nabycia | Numer akcesji | Źródło akcesji | Nr inwentarzowy | il. wypożyczeń | Sygnatura | Kod kreskowy | Date last seen | Price effective from | Typ egz. |
|---|---|---|---|---|---|---|---|---|---|---|---|---|---|---|---|---|---|
| Dewey Decimal Classification | uszkodzona | Pracownia Badań Księgozbiorów Historycznych | Biblioteka Instytutu Północnego w Olsztynie | Pracownia Badań Księgozbiorów Historycznych | 25/03/2026 | K-40/1969 | kupno | 12885 | 12885 | IPWK16516 | 25/03/2026 | 25/03/2026 | pozycje dostępne na miejscu |